India of my dreams/ (Record no. 181513)

000 -LEADER
fixed length control field 00346nam a22001457a 4500
020 ## - INTERNATIONAL STANDARD BOOK NUMBER
ISBN 9789388720946
082 ## - DEWEY DECIMAL CLASSIFICATION NUMBER
Classification number GAN 181.4
Item number GAN/I
100 ## - MAIN ENTRY--AUTHOR NAME
Personal name Gandhi M K
245 ## - TITLE STATEMENT
Title India of my dreams/
Statement of responsibility, etc by Gandhi M K
260 ## - PUBLICATION, DISTRIBUTION, ETC. (IMPRINT)
Place of publication Delhi:
Name of publisher Pharos Books,
Year of publication 2020.
300 ## - PHYSICAL DESCRIPTION
Number of Pages 227p.
650 ## - SUBJECT ADDED ENTRY--TOPICAL TERM
Topical Term Philosophy Gandhi
650 ## - SUBJECT ADDED ENTRY--TOPICAL TERM
Topical Term Philosophy
942 ## - ADDED ENTRY ELEMENTS (KOHA)
Koha item type Book
Holdings
Withdrawn status Lost status Damaged status Not for loan Permanent Location Current Location Shelving location Date acquired Cost, normal purchase price Full call number Accession Number Price effective from Koha item type
        Sree Sankaracharya University of Sanskrit Sree Sankaracharya University of Sanskrit Stacks 15.05.2026 225.00 GAN 181.4 GAN/I 108691 15.05.2026 Book